000 00307nam a2200145Ia 4500
008 230312s9999||||xx |||||||||||||| ||und||
082 _a936.3
_bBER-F
100 _aBertelsmann
245 0 _aFacts about Germany
260 _c1985
300 _a415
546 _aEng.
650 _aLiterature
942 _cBK
999 _c6016
_d6016